[Event "FRM-chT2"]
[Site "Struga"]
[Date "2024.07.09"]
[Round "4.3"]
[White "Trkaljanov, Vladimir"]
[Black "Popchevski, Zoran1"]
[Result "1-0"]
[WhiteElo "2087"]
[BlackElo "1688"]
[PlyCount "103"]
[EventDate "2024.07.07"]
[EventType "team-tourn"]
[EventRounds "9"]
[EventCountry "MKD"]
[SourceTitle "EXT 2025"]
[Source "ChessBase"]
[SourceDate "2024.10.14"]
[SourceVersion "1"]
[SourceVersionDate "2024.10.14"]
[SourceQuality "1"]

1. e4 Nc6 2. Nf3 e5 3. d4 d6 4. Bb5 Bd7 5. 0-0 exd4 6. Bxc6 Bxc6 7. Qxd4 Nf6 8. e5 dxe5 9. Qxe5+ Qe7 10. Qxe7+ Bxe7 11. Nd4 Bd7 12. Re1 c5 13. Nf3 h6 14. Nc3 Be6 15. Nb5 0-0 16. Nc7 Rad8 17. Nxe6 fxe6 18. Rxe6 Rd1+ 19. Re1 Rfd8 20. Be3 Rxa1 21. Rxa1 Nd5 22. Rd1 b6 23. Ne5 Nxe3 24. Rxd8+ Bxd8 25. fxe3 Bf6 26. Nc6 Bxb2 27. Nxa7 g5 28. Kf2 Kg7 29. Kf3 Kf6 30. Nc8 Be5 31. Nxb6 Bxh2 32. Nd7+ Ke6 33. Nxc5+ Kd5 34. Nd3 Bd6 35. g4 Ba3 36. Nf2 Ke5 37. c4 Kd6 38. Nd3 Ke6 39. Ke4 Be7 40. c5 Bf6 41. Nc1 Bb2 42. Nb3 Ba3 43. Nd4+ Kd7 44. Kd5 Bc1 45. Nf5 Bd2 46. e4 h5 47. gxh5 g4 48. h6 Bxh6 49. Nxh6 g3 50. Nf7 g2 51. Ne5+ Kc7 52. Nf3 1-0

[Event "Online Olym Disabilities"]
[Site "Tornelo INT"]
[Date "2020.11.25"]
[Round "5.22"]
[White "Trkaljanov, Vladimir"]
[Black "Singares, Mario Oscar"]
[Result "1-0"]
[WhiteElo "2096"]
[BlackElo "1425"]
[PlyCount "57"]
[EventDate "2020.11.21"]
[EventType "team-swiss (rapid)"]
[EventRounds "7"]
[EventCountry "NET"]
[SourceTitle "CBM 199 Extra"]
[Source "ChessBase"]
[SourceDate "2021.01.31"]
[SourceVersion "1"]
[SourceVersionDate "2021.01.31"]
[SourceQuality "1"]
[WhiteTeam "North Macedonia"]
[BlackTeam "Panama"]
[WhiteTeamCountry "MKD"]
[BlackTeamCountry "PAN"]

1. e4 e5 2. Nf3 Nc6 3. d4 Nf6 4. dxe5 Nxe5 5. Nxe5 d6 6. Nf3 Nxe4 7. Be2 Bg4 8. h3 Bh5 9. Qd5 Ng5 10. Qxg5 Bxf3 11. Qxd8+ Rxd8 12. Bxf3 d5 13. 0-0 Bc5 14. Re1+ Be7 15. Nc3 0-0 16. Rxe7 d4 17. Ne4 d3 18. cxd3 Rxd3 19. Bf4 Rfd8 20. Rxc7 a5 21. Rac1 a4 22. Rxb7 a3 23. bxa3 Rxa3 24. Rcc7 Rxa2 25. Rxf7 Ra1+ 26. Kh2 Raa8 27. Rxg7+ Kf8 28. Rbf7+ Ke8 29. Nf6# 1-0

[Event "Online Olym Disabilities"]
[Site "Tornelo INT"]
[Date "2020.11.24"]
[Round "4.15"]
[White "McConnell, Griffin Thomas"]
[Black "Trkaljanov, Vladimir"]
[Result "1-0"]
[WhiteElo "1823"]
[BlackElo "2096"]
[PlyCount "87"]
[EventDate "2020.11.21"]
[EventType "team-swiss (rapid)"]
[EventRounds "7"]
[EventCountry "NET"]
[SourceTitle "CBM 199 Extra"]
[Source "ChessBase"]
[SourceDate "2021.01.31"]
[SourceVersion "1"]
[SourceVersionDate "2021.01.31"]
[SourceQuality "1"]
[WhiteTeam "United States"]
[BlackTeam "North Macedonia"]
[WhiteTeamCountry "USA"]
[BlackTeamCountry "MKD"]

1. e4 e5 2. Nf3 Nc6 3. d4 exd4 4. Nxd4 Qh4 5. Nc3 Bb4 6. Be2 Qxe4 7. Ndb5 Kd8 8. 0-0 Bxc3 9. bxc3 Nge7 10. Re1 Qd5 11. Bd3 a6 12. c4 Qc5 13. Be3 Qe5 14. Bb6 axb5 15. Rxe5 Nxe5 16. Bd4 Nxd3 17. Qxd3 bxc4 18. Qxc4 d5 19. Qb3 f6 20. Re1 Ra5 21. Rxe7 Kxe7 22. Qb4+ c5 23. Bxc5+ Rxc5 24. Qxc5+ Ke6 25. Qc7 Bd7 26. Qxb7 Rc8 27. Qb3 Rc4 28. c3 Bc6 29. f3 h5 30. Kf2 Kf7 31. Ke3 Kg6 32. g3 Ba4 33. Qb1+ Kh6 34. Kd3 Bc6 35. Qc1+ Kg6 36. h4 Bb5 37. Kd2 Bc6 38. Qb1+ Kh6 39. Qb6 Kg6 40. g4 Kh6 41. gxh5 Kxh5 42. Qc7 Kg6 43. h5+ Kh7 44. Qc8 1-0

[Event "Skopje op"]
[Site "Skopje"]
[Date "2019.12.09"]
[Round "5"]
[White "Guri, Adrian"]
[Black "Trkaljanov, Vladimir"]
[Result "1/2-1/2"]
[WhiteElo "1445"]
[BlackElo "2125"]
[PlyCount "62"]
[EventDate "2019.12.06"]
[EventType "swiss"]
[EventRounds "9"]
[EventCountry "MKD"]
[SourceTitle "CBM 193 Extra"]
[Source "ChessBase"]
[SourceDate "2020.01.31"]
[SourceVersion "1"]
[SourceVersionDate "2020.01.31"]
[SourceQuality "1"]

1. e4 e5 2. Nf3 Nc6 3. Nc3 Nf6 4. d4 exd4 5. Nxd4 Bb4 6. Nxc6 bxc6 7. Bd3 0-0 8. 0-0 Re8 9. Re1 d5 10. exd5 Rxe1+ 11. Qxe1 cxd5 12. Qe5 Be6 13. Bg5 Bd6 14. Qd4 Be7 15. Qe5 Rb8 16. b3 h6 17. Bf4 Bd6 18. Qe3 c5 19. Bxd6 Qxd6 20. Qg3 Qxg3 21. hxg3 Kf8 22. Rb1 a5 23. Be2 Ke7 24. Rd1 d4 25. Na4 Rc8 26. c3 dxc3 27. Nxc3 c4 28. Bxc4 Bxc4 29. bxc4 Rxc4 30. Nd5+ Nxd5 31. Rxd5 a4 1/2-1/2

[Event "Skopje op"]
[Site "Skopje"]
[Date "2019.12.07"]
[Round "3"]
[White "Kostadinovski, Zoran"]
[Black "Trkaljanov, Vladimir"]
[Result "1-0"]
[WhiteElo "1860"]
[BlackElo "2125"]
[PlyCount "44"]
[EventDate "2019.12.06"]
[EventType "swiss"]
[EventRounds "9"]
[EventCountry "MKD"]
[SourceTitle "CBM 193 Extra"]
[Source "ChessBase"]
[SourceDate "2020.01.31"]
[SourceVersion "1"]
[SourceVersionDate "2020.01.31"]
[SourceQuality "1"]

1. e4 e5 2. Nf3 Nc6 3. d4 exd4 4. Nxd4 Qh4 5. Be2 Qxe4 6. Nb5 Kd8 7. 0-0 a6 8. N1c3 Qe5 9. Nd5 Nf6 10. Nbxc7 Nxd5 11. Nxd5 Nd4 12. Bf3 Ne6 13. Re1 Qd4 14. Qe2 Qa7 15. b4 Bd6 16. Be3 Qb8 17. Bb6+ Ke8 18. g3 Kf8 19. c4 h5 20. b5 Be7 21. Nc7 Bf6 22. Rad1 h4 1-0

[Event "FRM-ch op"]
[Site "Skopje"]
[Date "2018.12.23"]
[Round "9"]
[White "Danchevski, Orce"]
[Black "Trkaljanov, Vladimir"]
[Result "1-0"]
[WhiteElo "2346"]
[BlackElo "2125"]
[PlyCount "59"]
[EventDate "2018.12.15"]
[EventType "swiss"]
[EventRounds "9"]
[EventCountry "MKD"]
[SourceTitle "CBM 187 Extra"]
[Source "ChessBase"]
[SourceDate "2018.11.04"]
[SourceVersion "1"]
[SourceVersionDate "2018.11.04"]
[SourceQuality "1"]

1. Nf3 Nf6 2. c4 c5 3. Nc3 g6 4. d4 Bg7 5. e4 0-0 6. Be2 cxd4 7. Nxd4 d6 8. Be3 Nc6 9. Qd2 Ng4 10. Bxg4 Bxg4 11. h3 Bd7 12. Nde2 Rc8 13. Rc1 f5 14. exf5 Bxf5 15. 0-0 Qd7 16. f4 e5 17. Nd5 Rce8 18. Ng3 Be6 19. Rce1 exf4 20. Bxf4 Ne5 21. b3 Bf5 22. Nxf5 Rxf5 23. Bg5 Rxf1+ 24. Rxf1 Nf7 25. Bf6 Qe6 26. Qc3 Ne5 27. Bxg7 Kxg7 28. Nc7 Qe7 29. Nxe8+ Qxe8 30. Qd4 1-0

[Event "FRM-ch op"]
[Site "Skopje"]
[Date "2018.12.19"]
[Round "5"]
[White "Trkaljanov, Vladimir"]
[Black "Zvezdakoski, Matej"]
[Result "1-0"]
[WhiteElo "2125"]
[BlackElo "1761"]
[PlyCount "49"]
[EventDate "2018.12.15"]
[EventType "swiss"]
[EventRounds "9"]
[EventCountry "MKD"]
[SourceTitle "CBM 187 Extra"]
[Source "ChessBase"]
[SourceDate "2018.11.04"]
[SourceVersion "1"]
[SourceVersionDate "2018.11.04"]
[SourceQuality "1"]

1. e4 e6 2. d4 d5 3. Nc3 dxe4 4. Nxe4 Nd7 5. Nf3 Ngf6 6. Bg5 Be7 7. Nxf6+ Nxf6 8. Bd3 b6 9. Qe2 Bb7 10. 0-0-0 h6 11. Bf4 0-0 12. h4 Qd5 13. c4 Qa5 14. Kb1 c5 15. d5 Bc8 16. Ne5 Qa6 17. g4 Nd7 18. Nc6 Re8 19. g5 e5 20. gxh6 g6 21. h5 Kh7 22. hxg6+ fxg6 23. Bxg6+ Kxg6 24. Qh5+ Kf6 25. Qg5+ 1-0

[Event "FRM-ch op"]
[Site "Skopje"]
[Date "2018.12.18"]
[Round "4"]
[White "Stojmanovski, Toni"]
[Black "Trkaljanov, Vladimir"]
[Result "1-0"]
[WhiteElo "1871"]
[BlackElo "2125"]
[PlyCount "114"]
[EventDate "2018.12.15"]
[EventType "swiss"]
[EventRounds "9"]
[EventCountry "MKD"]
[SourceTitle "CBM 187 Extra"]
[Source "ChessBase"]
[SourceDate "2018.11.04"]
[SourceVersion "1"]
[SourceVersionDate "2018.11.04"]
[SourceQuality "1"]

1. e4 e5 2. Nf3 Nc6 3. Bb5 a6 4. Ba4 d6 5. d4 b5 6. Bb3 Nxd4 7. Nxd4 exd4 8. a4 Rb8 9. axb5 axb5 10. 0-0 c5 11. Bd5 Nf6 12. Ra7 Bd7 13. Bg5 Be7 14. Re1 0-0 15. Bxf6 Bxf6 16. f4 Bc8 17. Nd2 g6 18. Qf3 Qb6 19. Rea1 Bb7 20. Qb3 Bxd5 21. Qxd5 c4 22. R7a6 Qb7 23. Rxd6 Qxd5 24. Rxd5 Rfd8 25. Rc5 d3 26. c3 Be7 27. Rc6 Rdc8 28. Rxc8+ Rxc8 29. Kf2 Kg7 30. e5 f6 31. exf6+ Bxf6 32. Ra7+ Kg8 33. Ne4 Bg7 34. Rb7 Rd8 35. Ke3 Rd5 36. Rb8+ Kf7 37. Rxb5 Rxb5 38. Nd6+ Ke6 39. Nxb5 Kd5 40. Na3 Bf8 41. Nb1 Bc5+ 42. Kf3 Bg1 43. h3 Bc5 44. Nd2 Be7 45. Ne4 Bd8 46. g3 Be7 47. Nf2 Bc5 48. Ng4 Be7 49. Ne3+ Kc5 50. Ke4 Bd6 51. Nf1 Bc7 52. g4 Bd8 53. g5 Be7 54. h4 Bd8 55. f5 gxf5+ 56. Kxf5 Kb5 57. h5 Be7 1-0

[Event "Skopje U2200 op"]
[Site "Skopje"]
[Date "2017.12.10"]
[Round "6"]
[White "Trkaljanov, Vladimir"]
[Black "Ranic, Viktor"]
[Result "1-0"]
[WhiteElo "2195"]
[BlackElo "1884"]
[PlyCount "41"]
[EventDate "2017.12.07"]
[EventType "swiss"]
[EventRounds "7"]
[EventCountry "MKD"]
[SourceTitle "CBM 182 Extra"]
[Source "ChessBase"]
[SourceDate "2018.02.23"]
[SourceVersion "1"]
[SourceVersionDate "2018.02.23"]
[SourceQuality "1"]

1. e4 d5 2. exd5 Qxd5 3. Nc3 Qd6 4. d4 Nf6 5. Nf3 Bg4 6. h3 Bh5 7. g4 Bg6 8. Ne5 c6 9. Bf4 Qb4 10. Qd2 e6 11. 0-0-0 Ne4 12. Nxe4 Bxe4 13. Qxb4 Bxb4 14. f3 Bg6 15. h4 f6 16. Nxg6 hxg6 17. c3 Ba5 18. Bc4 Kd7 19. d5 e5 20. dxc6+ Kxc6 21. Bg3 1-0

[Event "Skopje U2200 op"]
[Site "Skopje"]
[Date "2017.12.09"]
[Round "5"]
[White "Veljanoski, Andrej"]
[Black "Trkaljanov, Vladimir"]
[Result "1-0"]
[WhiteElo "1823"]
[BlackElo "2195"]
[PlyCount "41"]
[EventDate "2017.12.07"]
[EventType "swiss"]
[EventRounds "7"]
[EventCountry "MKD"]
[SourceTitle "CBM 182 Extra"]
[Source "ChessBase"]
[SourceDate "2018.02.23"]
[SourceVersion "1"]
[SourceVersionDate "2018.02.23"]
[SourceQuality "1"]

1. e4 e5 2. Nf3 Nc6 3. d4 exd4 4. Bc4 Nf6 5. e5 d5 6. Bb5 Ne4 7. Nxd4 Bc5 8. Be3 Bd7 9. Bxc6 bxc6 10. 0-0 Bb6 11. f3 Ng5 12. f4 Ne4 13. Nc3 c5 14. Nf3 Nxc3 15. bxc3 Bf5 16. Kh1 0-0 17. Qd2 c6 18. Qf2 c4 19. Rae1 f6 20. exf6 Qxf6 21. Ne5 1-0

[Event "IBCA-ol blind 15th"]
[Site "Ohrid"]
[Date "2017.06.27"]
[Round "8.1"]
[White "Palacios Perez, Manuel"]
[Black "Trkaljanov, Vladimir"]
[Result "1-0"]
[WhiteElo "2246"]
[BlackElo "2235"]
[PlyCount "39"]
[EventDate "2017.06.19"]
[EventType "team-swiss"]
[EventRounds "9"]
[EventCountry "MKD"]
[SourceTitle "CBM 179 Extra"]
[Source "ChessBase"]
[SourceDate "2017.08.23"]
[SourceVersion "1"]
[SourceVersionDate "2017.08.23"]
[SourceQuality "1"]
[WhiteTeam "Spain"]
[BlackTeam "Macedonia"]
[WhiteTeamCountry "ESP"]
[BlackTeamCountry "MKD"]

1. d4 Nf6 2. Nf3 c5 3. d5 e6 4. Bg5 Qa5+ 5. Bd2 Qb6 6. c4 d6 7. Nc3 e5 8. e4 Be7 9. Be2 0-0 10. 0-0 Bg4 11. Ne1 Bxe2 12. Qxe2 Nbd7 13. Nd3 a6 14. a3 Qb3 15. Nc1 Qxb2 16. Nb3 Nxe4 17. Qxe4 Qxb3 18. Rab1 Nf6 19. Rxb3 Nxe4 20. Nxe4 1-0

[Event "IBCA Wch blind 12th"]
[Site "Belgrade"]
[Date "2010.09.04"]
[Round "9.9"]
[White "Trkaljanov, Vladimir"]
[Black "Pribeanu, Mihail Dacian"]
[Result "1-0"]
[WhiteElo "2227"]
[BlackElo "2195"]
[PlyCount "81"]
[EventDate "2010.08.26"]
[EventType "swiss"]
[EventRounds "9"]
[EventCountry "SRB"]
[SourceTitle "EXT 2011"]
[Source "ChessBase"]
[SourceDate "2010.11.26"]
[SourceVersion "1"]
[SourceVersionDate "2010.11.26"]
[SourceQuality "1"]

1. e4 c6 2. d4 d5 3. e5 Bf5 4. Nf3 e6 5. a3 h6 6. c3 Ne7 7. Nbd2 Nd7 8. Be2 c5 9. dxc5 Nc6 10. b4 Ncxe5 11. Nxe5 Nxe5 12. Bb5+ Nd7 13. Nf3 Bg4 14. 0-0 Be7 15. c4 Bf6 16. Ra2 0-0 17. cxd5 exd5 18. h3 Bf5 19. Nd4 Be4 20. Be3 Ne5 21. f3 Bh7 22. Rd2 a6 23. Be2 Qe7 24. Bf4 Rfe8 25. Rf2 Rad8 26. c6 Nxc6 27. Nxc6 bxc6 28. Bxa6 Bc3 29. b5 Bxd2 30. Qxd2 Qxa3 31. Bc7 Rd7 32. Ba5 Ra7 33. Bb4 Qa1+ 34. Kh2 cxb5 35. Bxb5 Rd8 36. Bc3 Qa3 37. Re2 Qd6+ 38. f4 d4 39. Qxd4 Qxd4 40. Bxd4 Bg6 41. Bxa7 1-0

[Event "IBCA Wch blind 12th"]
[Site "Belgrade"]
[Date "2010.08.26"]
[Round "1.15"]
[White "Trkaljanov, Vladimir"]
[Black "Papadopoulos, Christos"]
[Result "1-0"]
[WhiteElo "2227"]
[BlackElo "1870"]
[PlyCount "87"]
[EventDate "2010.08.26"]
[EventType "swiss"]
[EventRounds "9"]
[EventCountry "SRB"]
[SourceTitle "EXT 2011"]
[Source "ChessBase"]
[SourceDate "2010.11.26"]
[SourceVersion "1"]
[SourceVersionDate "2010.11.26"]
[SourceQuality "1"]

1. e4 c5 2. Nf3 d6 3. d4 cxd4 4. Nxd4 Nf6 5. Nc3 a6 6. Bg5 e5 7. Nf5 Be6 8. Bxf6 gxf6 9. Nd5 Nc6 10. Bc4 Qa5+ 11. c3 Bxd5 12. Qxd5 Qc7 13. 0-0-0 Rd8 14. Kb1 b5 15. Be2 h5 16. h4 Rd7 17. Ng3 b4 18. Rc1 Qb6 19. cxb4 Nxb4 20. Rc8+ Rd8 21. Rxd8+ Qxd8 22. Qc4 d5 23. exd5 Qxd5 24. Qxd5 Nxd5 25. Bxa6 Bc5 26. Rc1 Bb6 27. Rc6 0-0 28. Bc4 Bxf2 29. Ne4 Nb4 30. Rxf6 Bxh4 31. Rxf7 Rxf7 32. Nd6 Kf8 33. Nxf7 e4 34. Nd6 e3 35. Be2 Nd5 36. Kc2 Nf4 37. Kd1 Nxg2 38. Bxh5 Nf4 39. Be2 Bf2 40. a4 Ke7 41. Ne4 Kd7 42. b4 Nd5 43. b5 Kc7 44. a5 1-0

[Event "EU-Cup 25th"]
[Site "Ohrid"]
[Date "2009.10.05"]
[Round "2.5"]
[White "Getz, Nicolai"]
[Black "Trkaljanov, Vladimir"]
[Result "1-0"]
[WhiteElo "2263"]
[BlackElo "2251"]
[PlyCount "87"]
[EventDate "2009.10.04"]
[EventType "team-swiss"]
[EventRounds "7"]
[EventCountry "MKD"]
[SourceTitle "CBM 133"]
[Source "ChessBase"]
[SourceDate "2009.11.19"]
[SourceVersion "1"]
[SourceVersionDate "2009.11.19"]
[SourceQuality "1"]
[WhiteTeam "Oslo"]
[BlackTeam "Kochani"]
[WhiteTeamCountry "NOR"]
[BlackTeamCountry "MKD"]

1. e4 c5 2. Nf3 Nc6 3. Nc3 Nf6 4. Bb5 Qc7 5. 0-0 e6 6. Re1 Be7 7. e5 Nd5 8. Nxd5 exd5 9. c3 0-0 10. d4 c4 11. Ba4 d6 12. Bf4 dxe5 13. Nxe5 Nxe5 14. Bxe5 Bd6 15. Bc2 Bxe5 16. Rxe5 Be6 17. Qh5 g6 18. Qh6 Rfe8 19. Rae1 Bd7 20. f4 Rxe5 21. Rxe5 Bc6 22. f5 f6 23. Re6 Qg7 24. Qe3 Rf8 25. fxg6 hxg6 26. Bd1 Bd7 27. Rd6 Re8 28. Qf3 Be6 29. Qg3 Qh6 30. h3 Kg7 31. Ba4 Re7 32. Qf2 Qg5 33. Kh2 Bf7 34. Bc2 f5 35. Bd1 Qc1 36. Qh4 Qe3 37. Bf3 Qe1 38. Qf6+ Kh6 39. Bxd5 Qe3 40. Qh8+ Kg5 41. h4+ Kg4 42. Bf3+ Qxf3 43. gxf3+ Kxf3 44. Qc8 1-0

[Event "IBCA-ol blind 13th"]
[Site "Heraklion"]
[Date "2008.10.27"]
[Round "8.2"]
[White "Avram, Sretko"]
[Black "Trkaljanov, Vladimir"]
[Result "1/2-1/2"]
[WhiteElo "2320"]
[BlackElo "2239"]
[PlyCount "48"]
[EventDate "2008.10.19"]
[EventType "team-swiss"]
[EventRounds "9"]
[EventCountry "GRE"]
[SourceTitle "EXT 2010"]
[Source "ChessBase"]
[SourceDate "2010.11.25"]
[SourceVersion "1"]
[SourceVersionDate "2010.11.25"]
[SourceQuality "1"]
[WhiteTeam "Serbia (blind)"]
[BlackTeam "Macedonia (blind)"]
[WhiteTeamCountry "YUG"]
[BlackTeamCountry "MKD"]

1. Nf3 Nf6 2. c4 g6 3. g3 Bg7 4. Bg2 0-0 5. 0-0 d6 6. d4 c5 7. Nc3 Nc6 8. e3 Bf5 9. a3 Rc8 10. Re1 Bg4 11. h3 Bxf3 12. Bxf3 Nd7 13. Bxc6 bxc6 14. b4 cxd4 15. exd4 c5 16. Be3 cxd4 17. Bxd4 Bxd4 18. Qxd4 Ne5 19. Qe3 Rxc4 20. f4 Nc6 21. Rad1 e6 22. b5 Na5 23. Ne4 d5 24. Qxa7 Qa8 1/2-1/2

[Event "IBCA-ol blind 13th"]
[Site "Heraklion"]
[Date "2008.10.25"]
[Round "6.2"]
[White "Muri, Emil"]
[Black "Trkaljanov, Vladimir"]
[Result "1/2-1/2"]
[WhiteElo "2013"]
[BlackElo "2239"]
[PlyCount "62"]
[EventDate "2008.10.19"]
[EventType "team-swiss"]
[EventRounds "9"]
[EventCountry "GRE"]
[SourceTitle "EXT 2010"]
[Source "ChessBase"]
[SourceDate "2010.11.25"]
[SourceVersion "1"]
[SourceVersionDate "2010.11.25"]
[SourceQuality "1"]
[WhiteTeam "Slovenia (blind)"]
[BlackTeam "Macedonia (blind)"]
[WhiteTeamCountry "SLO"]
[BlackTeamCountry "MKD"]

1. e4 e5 2. Nf3 Nc6 3. Bb5 a6 4. Ba4 d6 5. Bxc6+ bxc6 6. d4 exd4 7. Qxd4 c5 8. Qd3 g6 9. 0-0 Bg7 10. e5 Bf5 11. Qe2 d5 12. Nc3 Ne7 13. Na4 c4 14. Nd4 c5 15. Nxc5 Qc7 16. Na4 0-0 17. Re1 Rfe8 18. Bg5 Bd7 19. Nc3 Qb7 20. b3 Nc6 21. Nxc6 Bxc6 22. Bf4 Rad8 23. Rad1 d4 24. Ne4 d3 25. cxd3 cxd3 26. Qe3 Bxe4 27. Qxe4 Qxe4 28. Rxe4 Rd5 29. Re3 Bxe5 30. Bxe5 Rexe5 31. Rxe5 Rxe5 1/2-1/2